| 000 | 01286nam a22002537a 4500 | ||
|---|---|---|---|
| 999 |
_c65389 _d65389 |
||
| 005 | 20240530110822.0 | ||
| 008 | 190717s2019 ua g b 000 0 ara d | ||
| 017 |
_a25808 _bمصر. دار الكتب |
||
| 020 | _a9789773086114 | ||
| 040 |
_aEG-CaGPL _cEG-CaGPL |
||
| 082 | 0 | 4 |
_221 _a953/ _bم ت |
| 100 | 0 | _aمحمد على عمر الخويلدى | |
| 245 | 1 | 2 |
_aالتاثير الحضارى العربى الاسلامى فى شرق افريقيا من القرن الخامس الهجرى حتى السابع : _b424 - 656 هـ / 1129 - 1258 م : دراسة فى الاحوال الجغرافية وعوامل انتشار الاسلام والتاثيرات الدينية والثقافية والاجتماعية / _cتاليف محمد على عمر الخويلدى |
| 250 | _aط.1 | ||
| 260 |
_aالقاهرة : _bدار العلم والايمان للنشر والتوزيع، _c2019. |
||
| 300 |
_a184 ص.؛ _c24 سم. |
||
| 504 | _aيشتمل على ارجاعات ببليوجرافية | ||
| 650 | 0 | 7 |
_2qrmak _aانتشار الاسلام |
| 650 | 0 | 7 |
_2qrmak _aالفتوحات الاسلامية |
| 650 | 0 | 7 |
_2qrmak _aانتشار الاسلام _xشرق افريقيا |
| 651 | _2qrmak | ||
| 942 |
_2ddc _cBK |
||